Old School RuneScape (OSRS) Slayer Monsters by Picture - Statistics

General Stats
  • This quiz has been taken 61 times
  • The average score is 33 of 51
Answer Stats
Picture Hint Answer % Correct
5 Slayer Crawling Hand
94%
85 Slayer Abyssal Demon
86%
50 Slayer Bloodveld
86%
65 Slayer Dust Devil
86%
15 Slayer Banshee
84%
25 Slayer Cockatrice
84%
52 Slayer Jelly
84%
30 Slayer Pyrefiend
84%
58 Slayer Cave Horror
82%
87 Slayer Cave Kraken
82%
91 Slayer Cerberus
82%
75 Slayer Gargoyle
82%
40 Slayer Basilisk
80%
77 Slayer Brutal Black Dragon
80%
95 Slayer Hydra
80%
20 Slayer Rockslug
80%
90 Slayer Dark Beast
78%
93 Slayer Smoke Devil
78%
62 Slayer Wyrm
74%
72 Slayer Skeletal Wyvern
72%
47 Slayer Brine Rat
70%
38 Slayer Vyrewatch Sentinel
70%
68 Slayer Spiritual Warrior
68%
17 Slayer Cave Slime
66%
55 Slayer Turoth
66%
10 Slayer Cave Crawler
64%
70 Slayer Kurask
64%
32 Slayer Mogre
64%
80 Slayer Nechryael
64%
83 Slayer Spiritual Mage
64%
63 Slayer Spiritual Ranger
64%
22 Slayer Desert Lizard
62%
7 Slayer Cave Bug
60%
35 Slayer Wall Beast
60%
92 Slayer Araxyte
58%
84 Slayer Drake
58%
33 Slayer Harpie Bug Swarm
56%
60 Slayer Aberrant Spectre
54%
60 Slayer Basilisk Knight
52%
66 Slayer Fossil Island Wyverns
52%
48 Slayer Sulphur Nagua
50%
57 Slayer Zygomites
50%
40 Slayer Terror Dog
44%
37 Slayer Killerwatt
42%
56 Slayer Warped Creatures
42%
82 Slayer Ancient Wyvern
38%
44 Slayer Sulphur Lizard
38%
42 Slayer Fever Spider
36%
45 Slayer Infernal Mage
36%
40 Slayer Sea Snake Hatchling
32%
39 Slayer Molanisk
20%
No matching quizzes found
Score Distribution
Percent of People with Each Score
Percentile by Number Answered
Your Score History
You have not taken this quiz